Statistics for Countries with a 'K' in their name:

Click here to take the quiz!

General Stats

  • This quiz has been taken 81 times
    (74 since last reset)
  • The average score is 17 of 20

Answer Stats

HintAnswer% Correct
KKazakhstan
96%
DDenmark
96%
Uzbekistan
94%
United kingdom
94%
Turkey
93%
Turkmenistan
93%
Kyrgyzstan
90%
Kenya
90%
Kosovo
87%
South Korea
87%
NNorth Korea
87%
PPakistan
85%
Kiribati
85%
Kuwait
84%
Slovakia
84%
TTajikistan
84%
UUkraine
82%
BBurkina Faso
73%
Sri Lanka
60%
SSaint Kitts and Nevis
60%

Score Distribution

Percentile by Number Answered

Percent of People with Each Score

Your Score History

You have not taken this quiz since the last reset